ნორმალური ფორმატი
MARC ფორმატი
ჩანაწერი Corporate Name
ჩანაწერთა რაოდენობა, რომელიც გამოყენებულია: 1
001 - CONTROL NUMBER
- control field: 5434
003 - CONTROL NUMBER IDENTIFIER
- control field: GE_BSU
005 - DATE AND TIME OF LATEST TRANSACTION
- control field: 20191119142012.0
008 - FIXED-LENGTH DATA ELEMENTS
- fixed length control field: 191119|| aca||aabn | a|a d
040 ## - CATALOGING SOURCE
- Original cataloging agency: GE_BSU
- Transcribing agency: GE_BSU
110 ## - HEADING--CORPORATE NAME
- Corporate name or jurisdiction name as entry element:
- Relator term: წიგნი გამოცემულია გურამ თავართქილაძის სასწ. უნ-ტის და საქ. ტექნ. უნ-ტის აკად. საბჭოების გადაწყვეტილებით და ფინანსური მხარდაჭერით.
670 ## - SOURCE DATA FOUND
- Source citation: Work cat.: (GE_BSU): ლობჟანიძე, გივი. 4775, სამართლის ფილოსოფია :
